Η οικονομική των μεταφορών

Saved in:
Bibliographic Details
Main Author: Μεταξάς, Βασίλειος Ν. 1925-
Format: Book
Language:Greek
Published: Αθήνα : Παπαζήσης, 1986
Subjects:
Tags: Add Tag
No Tags, Be the first to tag this record!

MARC

LEADER 00000nam a2200000 i 4500
001 1/31233
008 950609s1986 gre d
020 |a 960-02-0303-2 
035 |l 10023543 
040 |a GR-MY-UA  |b gre  |e aacr 
041 0 |a gre 
082 0 |a 380.5909495  |2 (22) 
100 1 |a Μεταξάς, Βασίλειος Ν.  |d 1925- 
245 1 2 |a Η οικονομική των μεταφορών 
260 |a Αθήνα :   |b Παπαζήσης,   |c 1986 
300 |a 157 σ. 
650 0 0 |a Transportation  |z Greece. 
852 |a INST  |b CHIOS  |e 19950609  |h 380.5909495 ΜΕΤ  |p 005200005017  |q 005200005017  |t BK  |y 12 
852 |a INST  |b CHIOS  |e 19971118  |h 380.5909495 ΜΕΤ  |p 005200010422  |q 005200010422  |t BK  |y 0 
852 |a INST  |b CHIOS  |e 19971118  |h 380.5909495 ΜΕΤ  |p 005200010423  |q 005200010423  |t BK  |y 0 
852 |a INST  |b CHIOS  |e 19971118  |h 380.5909495 ΜΕΤ  |p 005200010424  |q 005200010424  |t BK  |y 0 
852 |a INST  |b CHIOS  |e 19971118  |h 380.5909495 ΜΕΤ  |p 005200010426  |q 005200010426  |t BK  |y 0 
852 |a INST  |b CHIOS  |e 19971118  |h 380.5909495 ΜΕΤ  |p 005200010427  |q 005200010427  |t BK  |y 0 
852 |a INST  |b CHIOS  |e 19971118  |h 380.5909495 ΜΕΤ  |p 005200010428  |q 005200010428  |t BK  |y 0 
852 |a INST  |b CHIOS  |e 19971118  |h 380.5909495 ΜΕΤ  |p 005200010429  |q 005200010429  |t BK  |y 0 
852 |a INST  |b CHIOS  |e 19971118  |h 380.5909495 ΜΕΤ  |p 005200010430  |q 005200010430  |t BK  |y 0 
852 |a INST  |b CHIOS  |e 19971118  |h 380.5909495 ΜΕΤ  |p 005200010431  |q 005200010431  |t BK  |y 0 
852 |a INST  |b CHIOS  |e 19971118  |h 380.5909495 ΜΕΤ  |p 005200010433  |q 005200010433  |t BK  |y 0 
852 |a INST  |b CHIOS  |e 19971118  |h 380.5909495 ΜΕΤ  |p 005200010434  |q 005200010434  |t BK  |y 0 
852 |a INST  |b CHIOS  |e 19971118  |h 380.5909495 ΜΕΤ  |p 005200010435  |q 005200010435  |t BK  |y 0 
852 |a INST  |b CHIOS  |e 19971118  |h 380.5909495 ΜΕΤ  |p 005200010438  |q 005200010438  |t BK  |y 0 
852 |a INST  |b CHIOS  |e 19971118  |h 380.5909495 ΜΕΤ  |p 005200010439  |q 005200010439  |t BK  |y 0 
852 |a INST  |b CHIOS  |e 19971118  |h 380.5909495 ΜΕΤ  |p 005200010440  |q 005200010440  |t BK  |y 0 
852 |a INST  |b CHIOS  |e 20010215  |h 380.5909495 ΜΕΤ  |p 005200016672  |q 005200016672  |t BK  |y 12 
852 |a INST  |b CHIOS  |e 20000218  |h 380.5909495 ΜΕΤ  |p 005200018641  |q 005200018641  |t BK  |y 0 
852 |a INST  |b CHIOS  |e 20000221  |h 380.5909495 ΜΕΤ  |p 005200018923  |q 005200018923  |t BK  |y 0 
901 |a BIBL3-2009-1 
901 |a BIBL2-2000-1 
901 |a BIBL2-2001-1 
909 |a Χ  |b 009189 
909 |a Χ  |b 083160 
909 |a Χ  |b 048278 
909 |a Χ  |b 048279 
909 |a Χ  |b 048280 
909 |a Χ  |b 048281 
909 |a Χ  |b 048282 
909 |a Χ  |b 048283 
909 |a Χ  |b 048285 
909 |a Χ  |b 048286 
909 |a Χ  |b 048287 
909 |a Χ  |b 048288 
909 |a Χ  |b 048290 
909 |a Χ  |b 048291 
909 |a Χ  |b 048292 
909 |a Χ  |b 048293 
909 |a Χ  |b 048294 
909 |a Χ  |b 074001 
920 |a ΤΜΗΜΑ ΝΑΥΤΙΛΙΑΣ ΚΑΙ ΕΠΙΧΕΙΡΗΜΑΤΙΚΩΝ ΥΠΗΡΕΣΙΩΝ  |y ΧΙΟΣ  |z 2000-12 
922 |a 2ΔΩΡ  |b 200002  |d ΤΝΕΥ 
922 |a 2ΔΩΡ  |b 200001  |c ΤΔΕ 
970 |a ΣΑΛΑΜΟΥΡΑ  |b ΜΑΡΙΑ  |z 2000/02/18